书目信息 |
| 题名: |
法硕联考重点法条汇编
|
|
| 作者: | 刘伟 , 宝月 , 周悟阳 编 | |
| 分册: | ||
| 出版信息: | 北京 中国政法大学出版社 2019 |
|
| 页数: | 297页 | |
| 开本: | 26cm | |
| 丛书名: | ||
| 单 册: | ||
| 中图分类: | D9 , D920.9 | |
| 科图分类: | ||
| 主题词: | 法律--fa lv--硕士生入学考试--升学参考资料 , 法律--fa lv--中国--汇编 | |
| 电子资源: | ||
| ISBN: | 978-7-5620-8843-1 | |
| 000 | 00951nam0 2200289 450 | |
| 001 | 2160536676 | |
| 005 | 20210926145334.0 | |
| 010 | @a978-7-5620-8843-1@dCNY49.00 | |
| 100 | @a20190515d2019 em y0chiy50 ea | |
| 101 | 0 | @achi |
| 102 | @aCN@b110000 | |
| 105 | @ay z 000yy | |
| 106 | @ar | |
| 200 | 1 | @a法硕联考重点法条汇编@Afa shuo lian kao chong dian fa tiao hui bian@f刘伟,宝月,周悟阳编 |
| 210 | @a北京@c中国政法大学出版社@d2019 | |
| 215 | @a297页@d26cm | |
| 300 | @a厚大法硕 2020研究生招生考试指导用书专业课 | |
| 330 | @a本书共3部分,内容包括中华人民共和国刑法、中华人民共和国民法总则、中华人民共和国宪法的重点法律。 | |
| 606 | 0 | @a法律@Afa lv@x硕士生入学考试@j升学参考资料 |
| 606 | 0 | @a法律@Afa lv@y中国@j汇编 |
| 690 | @aD9@v5 | |
| 690 | @aD920.9@v5 | |
| 701 | 0 | @a刘伟@Aliu wei@4编 |
| 701 | 0 | @a宝月@Abao yue@4编 |
| 701 | 0 | @a周悟阳@Azhou wu yang@4编 |
| 801 | 0 | @aCN@b百万庄@c20210926 |
| 905 | @b1301251-54@dD9@e884@f4 | |
| 法硕联考重点法条汇编/刘伟,宝月,周悟阳编.-北京:中国政法大学出版社,2019 |
| 297页;26cm |
| 厚大法硕 2020研究生招生考试指导用书专业课 |
| ISBN 978-7-5620-8843-1:CNY49.00 |
| 本书共3部分,内容包括中华人民共和国刑法、中华人民共和国民法总则、中华人民共和国宪法的重点法律。 |
| ● |
| 相关链接 |
|
|
|
|
正题名:法硕联考重点法条汇编
索取号:D9/884
 
预约/预借
| 序号 | 登录号 | 条形码 | 馆藏地/架位号 | 状态 | 备注 |
| 1 | 1301251 | 213012513 | 第一样本阅览室/ [索取号:D9/884] | 在馆 | |
| 2 | 1301252 | 213012522 | 第一借阅区/ [索取号:D9/884] | 在馆 | |
| 3 | 1301253 | 213012531 | 第一借阅区/ [索取号:D9/884] | 在馆 | |
| 4 | 1301254 | 213012540 | 第一借阅区/ [索取号:D9/884] | 在馆 |